• 首页
  • 本馆介绍
  • 公告通知
  • 最新文献
  • 馆藏检索
  • 电子资源
  • 读者导购
  • 参考咨询
  • 我的图书馆
  • 登录
  • 详细信息显示
  • 放入我的书架
  • 预约/预借图书
  • 作者相关作品
  • 分类相关作品
  • 丛书相关作品
  • 出版社相关作品

书目信息

  • 表格格式
  • 工作单格式
  • 卡片格式
题名:
寿命表及其应用
    
 
作者: 蒋庆琅 著 ;方积乾 译
分册:  
出版信息: 上海   上海翻译出版公司  1984
页数: 206页
开本: 25cm
丛书名:
单 册:
中图分类: R195.3+C921
科图分类:
主题词: 医药卫生组织机构 , 医疗保健事业
电子资源:
ISBN:
000 00736nam0 2200265 45
001 0184009440
005 20061121143938.15
010    @dCNY3.20
091    @a17311.2
100    @a19950615d1984 em y0chiy0121 ea
101 1  @achi@ceng
102    @aCN@b310000
105    @ay z 000yy
106    @ar
200 10 @a寿命表及其应用@Ashou ming biao ji qi ying yong@f(美)蒋庆琅著@g方积乾译
210    @a上海@c上海翻译出版公司@d1984
215    @a206页@d25cm
606 0  @a医药卫生组织机构
606 0  @a医疗保健事业
690    @aR195.3+C921@v3
701  0 @a蒋庆琅@Ajiang qing lang@4著
702  0 @a方积乾@Afang ji qian@4译
801  0 @aCN@b上海图书馆@c20061121
801  2 @aCN@bNLC@c20040521
905    @f1@b132285@dR195.3+C921@e27
    
    寿命表及其应用/(美)蒋庆琅著/方积乾译.-上海:上海翻译出版公司,1984
    206页;25cm
    
    
    ISBN :CNY3.20
    
●
相关链接 在E读中查询图书 在五车中查询图书 在当当中查询图书 在豆瓣中查询图书


正题名:寿命表及其应用     索取号:R195.3+C921/27         预约/预借

序号 登录号 条形码 馆藏地/架位号 状态 备注
1 0132285   000707765   第三借阅区/ [索取号:R195.3+C921/27] 在馆    
2 0132286   000707756   第二样本阅览室/ [索取号:R195.3+C921/27] 在馆    
唐山师范学院图书馆 欢迎您!
大连网信软件有限公司© 版权所有